| 000 | 01133nam a22002415a 4500 | ||
|---|---|---|---|
| 003 | OSt | ||
| 005 | 20170208114607.0 | ||
| 008 | 170208s2006 ua frbl 000 0 ara d | ||
| 015 | _a2006 / 4462 | ||
| 020 | _a9770449318 | ||
| 040 |
_aEG-ScBUE _bara _cEG-ScBUE |
||
| 043 | _af-ua--- | ||
| 082 | 0 | 4 |
_a346.6204364 _bش هـ ا _222 |
| 100 | 1 | _aشهاوي، قدي عبد الفتاح. | |
| 245 | 1 | 0 |
_aشرح قانون التمويل العقاري رقم 148 لسنة 2001 ولائحته التنفيذية الصادرة بالقرار رقم (1) لسنة 2001 والمعدلة بقرار رقم 465 لسنة 2005 : _bنصوصا، حدودا، قيودا، تشريعا، فقها، تطبيقا، أوصافا، تحليلا، عملا / _cقدري عبد الفتاح الشهاوي. |
| 260 |
_aالقاهرة : _bدار النهضة العربية، _c2006. |
||
| 300 |
_a414 ص. ؛ _c24 سم. |
||
| 504 | _aيشتمل على إرجاعات ببليوجرافية. | ||
| 650 | 7 |
_aالعقارات _xتمويل _xقوانين وتشريعات _zمصر. _2BUEsh |
|
| 651 | _2BUEsh | ||
| 653 |
_bLLAAWW _cFebruary2017 |
||
| 942 | _2ddc | ||
| 999 |
_c24088 _d24060 |
||